[Event "Michigan Action"]
[Site "Detroit, MI"]
[Date "2000.12.16"]
[Round "6.10"]
[White "Imai, Toshio"]
[Black "Hershberger, Kent"]
[Result "0-1"]
[WhiteElo "1419"]
[BlackElo "1088"]
[PlyCount "76"]
[EventDate "2000.12.16"]

1. e4 e5 2. Bc4 Nf6 3. d4 exd4 4. Nf3 Bc5 5. O-O O-O 6. e5 Ng4 7. h3 Nh6 8.
Bxh6 gxh6 9. Nxd4 Bxd4 10. Qxd4 Nc6 11. Qg4+ Qg5 12. Qxg5+ hxg5 13. Re1 Nd4 14.
Na3 a6 15. Rad1 Ne6 16. c3 b5 17. Bb3 Nc5 18. Bd5 c6 19. Bf3 f6 20. Nc2 fxe5
21. Rxe5 d5 22. Rxg5+ Kh8 23. Nd4 Bd7 24. Bg4 Ne4 25. Bxd7 Nxg5 26. Bxc6 Rab8
27. Bxd5 Rbd8 28. Bb7 Rd6 29. h4 Ne6 30. Bf3 Nxd4 31. cxd4 Rf4 32. d5 Rxh4 33.
g3 Rc4 34. Rd2 Rc1+ 35. Kg2 Kg7 36. Bg4 Kf6 37. Be6 Re1 38. Rc2 b4 {Black won
on Time.} 0-1

[Event "Michigan Women's"]
[Site "Detroit, MI"]
[Date "2000.12.16"]
[Round "4.4"]
[White "Horne, Terese"]
[Black "Maldonado, Diana"]
[Result "0-1"]
[WhiteElo "732"]
[BlackElo "896"]
[PlyCount "113"]
[EventDate "2000.12.16"]

1. e4 e5 2. Nf3 Nc6 3. Nc3 Nf6 4. Bc4 Bb4 5. d3 Bxc3+ 6. bxc3 O-O 7. Bg5 d6 8.
Bxf6 Qxf6 9. d4 exd4 10. cxd4 Bg4 11. c3 Rfe8 12. Bd3 d5 13. e5 Qe6 14. Bb5 a6
15. Bxc6 Qxc6 16. Qd2 Bxf3 17. gxf3 Rad8 18. f4 f6 19. a3 fxe5 20. fxe5 b5 21.
Rg1 Re6 22. O-O-O Rg6 23. Rxg6 Qxg6 24. f4 Qf5 25. Rg1 Rb8 26. e6 Re8 27. Qg2
g6 28. Qg4 Qxg4 29. Rxg4 Rxe6 30. f5 Rf6 31. fxg6 hxg6 32. h3 Kg7 33. h4 Kh6
34. Rg5 c6 35. Re5 Kg7 36. Kb2 Kf7 37. a4 Re6 38. Rxe6 Kxe6 39. Kc2 Kf5 40.
axb5 axb5 41. Kb3 Kg4 42. Kb4 Kxh4 43. Kc5 g5 44. Kxc6 g4 45. Kxd5 g3 46. Kc5
g2 47. d5 g1=Q+ 48. Kc6 Qg6+ 49. d6 Qe4+ 50. Kd7 Qd3 51. Ke7 Qxc3 52. d7 Qe3+
53. Kd8 b4 54. Kc8 Qc5+ 55. Kd8 b3 56. Ke8 Qe5+ 57. Kd8 {End of Scoresheet.}
0-1

[Event "Michigan Women's"]
[Site "Detroit, MI"]
[Date "2000.12.16"]
[Round "3.4"]
[White "Horne, Terese"]
[Black "Dyer, Rosanna"]
[Result "0-1"]
[WhiteElo "732"]
[BlackElo "745"]
[PlyCount "92"]
[EventDate "2000.12.16"]

1. e4 e5 2. Nf3 d6 3. c3 Nf6 4. d3 Nc6 5. Bg5 Be7 6. Bxf6 Bxf6 7. d4 Bg4 8. h3
Bxf3 9. gxf3 exd4 10. cxd4 Bxd4 11. Nc3 O-O 12. Rc1 Qh4 13. Rh2 h6 14. Bb5 Be5
15. Bxc6 bxc6 16. b4 Bxh2 17. a4 Bf4 18. Rc2 Rab8 19. b5 cxb5 20. axb5 Qxh3 21.
Ke2 Be5 22. Qd5 Qh1 23. Qd1 Qxd1+ 24. Kxd1 Bxc3 25. Rxc3 Rxb5 26. Rxc7 Rb2 27.
Ke1 a5 28. f4 Rb4 29. e5 dxe5 30. fxe5 Re4+ 31. Kd2 Rxe5 32. Ra7 Rd8+ 33. Kc3
Rc5+ 34. Kb3 Rb8+ 35. Ka2 Rc2+ 36. Ka1 Rxf2 37. Rxa5 Rb3 38. Rc5 Re3 39. Rc1 h5
40. Rd1 Ree2 41. Rh1 h4 42. Rd1 h3 43. Rh1 h2 44. Rd1 Rg2 45. Rh1 Rg1+ 46. Rxg1
hxg1=R# 0-1

[Event "Michigan Women's"]
[Site "Detroit, MI"]
[Date "2000.12.16"]
[Round "1.2"]
[White "Horne, Terese"]
[Black "Chapman, Beatrice"]
[Result "0-1"]
[WhiteElo "732"]
[BlackElo "1194"]
[PlyCount "85"]
[EventDate "2000.12.16"]

1. e4 c5 2. Bc4 Nc6 3. Nf3 e6 4. Nc3 Nf6 5. d3 b6 6. Bg5 Be7 7. Bxf6 Bxf6 8.
Qd2 Bb7 9. Rb1 Nd4 10. Nxd4 cxd4 11. Ne2 O-O 12. f4 d6 13. c3 e5 14. g3 dxc3
15. bxc3 Rc8 16. O-O a6 17. Rxb6 Qxb6+ 18. Kh1 Rxc4 19. Kg2 Rcc8 20. fxe5 dxe5
21. Rf3 Rfd8 22. Qe3 Qxe3 23. Rxe3 Bg5 24. Rf3 Rxd3 25. Rxd3 Bxe4+ 26. Rf3
Bxf3+ 27. Kxf3 Rd8 28. h4 Be7 29. Ke4 f6 30. g4 Rd2 31. Ke3 Rxa2 32. g5 fxg5
33. hxg5 Bxg5+ 34. Ke4 Rxe2+ 35. Kd5 a5 36. c4 a4 37. c5 a3 38. c6 Rc2 39. Kd6
Bd8 40. Kd7 Ba5 41. c7 Rxc7+ 42. Kd8 Rc1+ 43. Ke8 {Remaining moves incomplete}
0-1

[Event "Michigan Action"]
[Site "Detroit, MI"]
[Date "2000.12.16"]
[Round "1.18"]
[White "Holden, Anthony"]
[Black "Watkins, Anthony"]
[Result "1-0"]
[WhiteElo "1459"]
[BlackElo "794"]
[PlyCount "49"]
[EventDate "2000.12.16"]

1. d4 e6 2. e3 Nf6 3. Bd3 Bb4+ 4. c3 Be7 5. Nd2 O-O 6. f4 b6 7. Qe2 Ba6 8. Bxa6
Nxa6 9. Qxa6 Ng4 10. Ndf3 Bh4+ 11. g3 Bf6 12. Bd2 d6 13. Qe2 e5 14. h3 Nh6 15.
O-O-O exd4 16. Nxd4 Qe8 17. g4 Qa4 18. Nc2 c5 19. g5 Be7 20. gxh6 gxh6 21. c4
h5 22. Qxh5 Kh8 23. Bc3+ Kg8 24. Qg4+ Bg5 25. Qxg5# 1-0

[Event "Michigan Action"]
[Site "Detroit, MI"]
[Date "2000.12.16"]
[Round "3.11"]
[White "Holden, Anthony"]
[Black "Gadson, Joseph"]
[Result "1-0"]
[WhiteElo "1459"]
[BlackElo "1004"]
[PlyCount "65"]
[EventDate "2000.12.16"]

1. d4 d5 2. e3 Nf6 3. Bd3 c5 4. c3 Nc6 5. f4 Bg4 6. Nf3 e6 7. Nbd2 Bd6 8. Qc2
Bxf3 9. Nxf3 Rc8 10. Bd2 Qb6 11. a3 O-O 12. g4 Ne4 13. Bxe4 dxe4 14. Qxe4 Qxb2
15. Ke2 Qb5+ 16. Kf2 c4 17. Ng5 g6 18. Rhb1 Qa6 19. Qf3 h6 20. Ne4 Be7 21. Qh3
Kg7 22. f5 exf5 23. gxf5 Na5 24. Nc5 Bxc5 25. dxc5 Rxc5 26. e4 h5 27. Be3 Rb5
28. Rg1 Rb2+ 29. Kf3 Rh8 30. Bd4+ Kg8 31. fxg6 f6 32. Qc8+ Kg7 33. Qd7+ 1-0

[Event "Michigan Action"]
[Site "Detroit, MI"]
[Date "2000.12.16"]
[Round "5.11"]
[White "Hershberger, Kent"]
[Black "Holden, Anthony"]
[Result "1-0"]
[WhiteElo "1088"]
[BlackElo "1459"]
[PlyCount "49"]
[EventDate "2000.12.16"]

1. e4 e5 2. Nf3 d6 3. Bc4 Bg4 4. c3 Nf6 5. Qb3 d5 6. exd5 Bxf3 7. gxf3 b6 8. d6
Qd7 9. dxc7 Qxc7 10. d4 Bd6 11. dxe5 Bxe5 12. f4 Bd6 13. Qa4+ Nbd7 14. Bb5 O-O
15. Bxd7 Nxd7 16. Be3 Nc5 17. Qd4 Rfe8 18. Rg1 f6 19. Qd5+ Kf8 20. Kd1 Rad8 21.
Qf5 Bxf4+ 22. Ke2 Na4 23. Qxh7 Qc4+ 24. Kf3 Bxe3 25. Qxg7# 1-0

[Event "Michigan Action"]
[Site "Detroit, MI"]
[Date "2000.12.16"]
[Round "3.8"]
[White "Hershberger, Kent"]
[Black "Aldrich, Justin"]
[Result "0-1"]
[WhiteElo "1088"]
[BlackElo "1637"]
[Annotator "Jeff Aldrich"]
[PlyCount "50"]
[EventDate "2000.12.16"]

{Philidor: Lopez} 1. e4 e5 2. Nf3 d6 3. Bc4 Bg4 4. c3 Nf6 $2 ({Better is} 4...
c6 {preparing to counter in the center.}) 5. Qb3 {Hitting black's two weak
pawns on f7 and b7.} Be6 6. Bxe6 fxe6 7. Qxe6+ Be7 8. Ng5 Rf8 9. Qb3 Qc8 10.
Ne6 Rg8 11. d4 exd4 12. cxd4 Nc6 13. Bg5 Na5 14. Qb5+ Nc6 15. Qc4 Kd7 16. Nf4 (
{White has been playing with only two pieces. He really needs to bring more
pieces to the party. The knight wasn't in immediate danger as} 16. Nc3 Na5 17.
Qb5+ Kxe6 18. Qxa5 {just brings the king further into danger.}) 16... Rf8 17.
Qe6+ Ke8 18. Qc4 $2 {Allowing black to counter-attack. DIAGRAM} Nxe4 $1 19.
Bxe7 Rxf4 20. g3 Rxf2 21. d5 Nxe7 22. Qxe4 Rxb2 23. Qxh7 $2 {Leaving his king
utterly alone.} Qg4 24. O-O $2 Qd4+ 25. Kh1 Qxd5+ 0-1

[Event "Michigan Action"]
[Site "Detroit, MI"]
[Date "2000.12.16"]
[Round "3.7"]
[White "Herreshoff, Matt"]
[Black "Marson, Michael"]
[Result "1-0"]
[WhiteElo "1684"]
[BlackElo "1779"]
[Annotator "Jeff Aldrich"]
[PlyCount "47"]
[EventDate "2000.12.16"]

{Catalan: Irregular (Tarrasch)} 1. c4 Nf6 2. g3 e6 3. Bg2 d5 4. Nf3 c5 5. d4 {
The game starts out as an English, but this move transposes it into theCatalan.
} Nc6 6. Nc3 cxd4 7. Nxd4 Qb6 8. Nxc6 bxc6 9. cxd5 cxd5 {Black seems to have
won the battle of the center.} 10. O-O Bd6 11. e4 {But white still has a
volley left. Black probably should have been happy to just exchange it off,
but he tries a manuever that causes more harm than good.} Ba6 $6 12. Qa4+ Nd7
13. Be3 Qb7 14. Rfd1 O-O 15. exd5 {Black now finds himself with problems on
the white squares. And the Ba6 has nowhere to go.} e5 16. Ne4 Nb6 17. Bxb6 Qxb6
18. Nxd6 Qxd6 19. Rac1 Rac8 $2 (19... Bb7 {was the best way to defend. After
the text, there is no way to protect the bishop and stop the pawn.}) 20. Rc6
Rxc6 21. dxc6 Bb5 22. Rxd6 Bxa4 23. c7 Bb5 24. Bb7 1-0

[Event "Michigan Action"]
[Site "Detroit, MI"]
[Date "2000.12.16"]
[Round "6.6"]
[White "Hayley, Robert"]
[Black "Jointer, William"]
[Result "1-0"]
[WhiteElo "1456"]
[BlackElo "1648"]
[PlyCount "29"]
[EventDate "2000.12.16"]

1. e4 g6 2. d4 Bg7 3. Be3 d6 4. Nf3 Nf6 5. Nbd2 b6 6. c4 O-O 7. Be2 c5 8. dxc5
bxc5 9. O-O Bb7 10. e5 Ng4 11. exd6 Nxe3 12. dxe7 Qxe7 13. fxe3 Qxe3+ 14. Kh1
Nc6 15. Re1 {Could not figure game out beyond this point.} 1-0

[Event "Michigan Action"]
[Site "Detroit, MI"]
[Date "2000.12.16"]
[Round "2.5"]
[White "Hayley, Robert"]
[Black "Aldrich, Jeff"]
[Result "0-1"]
[WhiteElo "1456"]
[BlackElo "1900"]
[PlyCount "67"]
[EventDate "2000.12.16"]

1. e4 c6 2. d4 d5 3. exd5 cxd5 4. c4 Nf6 5. Nc3 e6 6. Nf3 Bb4 7. Bg5 Qa5 8. Bd2
Qc7 9. cxd5 exd5 10. Bb5+ Nc6 11. O-O O-O 12. a3 Bd6 13. h3 Bf5 14. Bg5 Qb6 15.
Bxf6 gxf6 16. Nh4 Bg6 17. Bxc6 bxc6 18. Ne2 Rfe8 19. b4 a5 20. bxa5 Qxa5 21. f4
Be4 22. Ng3 Bf8 23. f5 Qc3 24. Qg4+ Kh8 25. Rad1 Qe3+ 26. Kh2 Rxa3 27. Nh5 Qg5
28. Qxg5 fxg5 29. Nf6 Rb8 30. Nxe4 dxe4 31. Rfe1 gxh4 32. Rxe4 Bd6+ 33. Kh1 Bg3
34. Kg1 {End of scoresheet.} 0-1

[Event "Michigan Women's"]
[Site "Detroit, MI"]
[Date "2000.12.16"]
[Round "3.6"]
[White "Haugabook, Rashida"]
[Black "Nichols, Glenda"]
[Result "0-1"]
[WhiteElo "454"]
[BlackElo "681"]
[PlyCount "34"]
[EventDate "2000.12.16"]

1. e4 e5 2. Bc4 Bc5 3. Qh5 g6 4. Qd1 Nf6 5. Nf3 d6 6. Nh4 Nxe4 7. f3 Nf2 8. Qe2
Nxh1 9. g3 Nc6 10. f4 Nd4 11. Qd1 d5 12. Bb5+ Nxb5 13. f5 gxf5 14. Nc3 Nxc3 15.
bxc3 f4 16. g4 Qxh4+ 17. Kf1 Qf2# 0-1

[Event "Michigan Action"]
[Site "Detroit, MI"]
[Date "2000.12.16"]
[Round "1.21"]
[White "Haugabook, Rashad"]
[Black "Imai, Toshio"]
[Result "0-1"]
[WhiteElo "708"]
[BlackElo "1419"]
[PlyCount "34"]
[EventDate "2000.12.16"]

1. d4 Nf6 2. Nf3 c5 3. e3 g6 4. Bd3 Bg7 5. b3 cxd4 6. exd4 d5 7. Bb2 Bg4 8. O-O
Nc6 9. Re1 O-O 10. Nc3 Nxd4 11. Nb5 Nxf3+ 12. gxf3 Bh3 13. Bd4 a6 14. Nc3 e6
15. Na4 Nd7 16. Nc5 Qg5+ 17. Kh1 Qg2# 0-1

[Event "Michigan Action"]
[Site "Detroit, MI"]
[Date "2000.12.16"]
[Round "2.22"]
[White "Haugabook, Ibrahim"]
[Black "Spencer, Tyrone"]
[Result "0-1"]
[WhiteElo "649"]
[BlackElo "957"]
[PlyCount "20"]
[EventDate "2000.12.16"]

1. d4 Nf6 2. Nf3 e6 3. e3 b6 4. Bd3 Bb7 5. O-O Be7 6. b3 c5 7. Bb2 Qc7 8. Ne5
d6 9. Nc4 Qc6 10. Ncd2 Qxg2# 0-1

[Event "Michigan Action"]
[Site "Detroit, MI"]
[Date "2000.12.16"]
[Round "4.17"]
[White "Haugabook, Ibrahim"]
[Black "Almasy, Roy"]
[Result "0-1"]
[WhiteElo "649"]
[BlackElo "1141"]
[PlyCount "90"]
[EventDate "2000.12.16"]

1. d4 d5 2. Nf3 Nf6 3. e3 Nc6 4. Bd3 Bg4 5. h3 Bh5 6. Be2 e6 7. b3 Be7 8. Bb2
O-O 9. e4 dxe4 10. Ng5 Bxe2 11. Qxe2 Nxd4 12. Bxd4 Qxd4 13. c3 Qd3 14. Qxd3
exd3 15. Nd2 Nd5 16. Nde4 Bxg5 17. Nxg5 Nxc3 18. Kd2 Ne2 19. Kxd3 Nf4+ 20. Kd2
Nxg2 21. Rhg1 Nh4 22. Rg4 Ng6 23. h4 Rad8+ 24. Kc3 Rd6 25. h5 Ne5 26. Rg3 Rfd8
27. Ne4 Rd3+ 28. Rxd3 Rxd3+ 29. Kc2 Rh3 30. Rd1 h6 31. Rd8+ Kh7 32. Ng3 Rh2 33.
Ne4 Rxh5 34. f4 Ng6 35. a4 Rh4 36. Kd3 Rxf4 37. b4 Ne5+ 38. Kd4 Nc6+ 39. Ke3
Rxe4+ 40. Kxe4 Nxd8 41. b5 g5 42. a5 f5+ 43. Kf3 g4+ 44. Kg3 Kg6 45. a6 b6 {
End of scoresheet} 0-1

[Event "Michigan Action"]
[Site "Detroit, MI"]
[Date "2000.12.16"]
[Round "5.10"]
[White "Hartsfield, Jonathan"]
[Black "Marson, Michael"]
[Result "0-1"]
[WhiteElo "1096"]
[BlackElo "1779"]
[PlyCount "54"]
[EventDate "2000.12.16"]

1. d4 Nf6 2. e3 e6 3. Bd3 d5 4. Ne2 c5 5. b3 Nc6 6. Bb2 cxd4 7. Nxd4 Bc5 8. O-O
O-O 9. Nxc6 bxc6 10. Qe2 Qe7 11. Bxf6 Qxf6 12. c3 e5 13. f4 e4 14. Bc2 a5 15.
Kh1 Ba6 16. Qf2 Bxf1 17. Qxf1 Bxe3 18. g3 Rfe8 19. Qe1 d4 20. cxd4 Bxd4 21. Nd2
Bxa1 22. Nxe4 Qd4 23. Kg2 f5 24. Qf1 Rxe4 25. b4 Qd2+ 26. Qf2 Re2 27. Qxe2
Qxe2+ 0-1

[Event "Michigan Action"]
[Site "Detroit, MI"]
[Date "2000.12.16"]
[Round "1.3"]
[White "Hartsfield, Jonathan"]
[Black "Ghobrial, Ameer"]
[Result "0-1"]
[WhiteElo "1096"]
[BlackElo "2103"]
[Annotator "Jeff Aldrich"]
[PlyCount "40"]
[EventDate "2000.12.16"]

{French: Queen's Knight} 1. e4 e6 2. Nc3 d5 3. d3 $6 {Giving black space and
the initiative. He could transpose into more usual French lines with} (3. d4 {
or}) (3. exd5) 3... d4 4. Nce2 e5 5. Nf3 Bd6 6. b3 ({Fianchettoing this bishop
doesn't seem like a good idea, since he will just be biting on the strong
center pawns. A better idea would be to try to weaken the center with} 6. c3)
6... f5 7. exf5 Bxf5 8. Bb2 Nf6 9. Qd2 O-O 10. O-O-O a5 {Not real subtle.} 11.
g3 a4 12. Re1 axb3 13. axb3 Nc6 14. Nh4 {White just doesn't seem to have very
many options. Almost every piece is severely limited.} Nd5 15. Bg2 Bb4 16.
Bxd5+ Qxd5 17. c3 {This does nothing more than expose the king even more.
White would have been better off giving up the exchange, although he still
would have been in a world of hurt.} dxc3 18. Bxc3 Qxb3 19. Qb2 $2 {Ending it
quickly.} Ba3 20. Kb1 Bxd3+ 0-1

[Event "Michigan Action"]
[Site "Detroit, MI"]
[Date "2000.12.16"]
[Round "2.2"]
[White "Gillom, Donte"]
[Black "Chobanyan, Sergei"]
[Result "0-1"]
[WhiteElo "1499"]
[BlackElo "2295"]
[PlyCount "64"]
[EventDate "2000.12.16"]

1. d4 Nf6 2. c4 e5 3. dxe5 Ng4 4. Nf3 Bc5 5. e3 Nc6 6. Nc3 Ncxe5 7. Nxe5 Nxe5
8. Ne4 Be7 9. Bd2 O-O 10. Bc3 d6 11. Qd2 Be6 12. b3 b6 13. Rd1 a5 14. Bxe5 dxe5
15. Qb2 Bb4+ 16. Nd2 Qd6 17. Be2 Rad8 18. Qc2 Rd7 19. a3 Bxd2+ 20. Rxd2 Qxa3
21. Rxd7 Bxd7 22. O-O Bc6 23. Bd3 g6 24. Rd1 a4 25. Rb1 Rd8 26. Bf1 axb3 27.
Qxb3 Qxb3 28. Rxb3 Rd1 29. f3 Kf8 30. Kf2 Ke7 31. e4 Kd6 32. Be2 Ra1 {End of
scoresheet} 0-1

[Event "Michigan Action"]
[Site "Detroit, MI"]
[Date "2000.12.16"]
[Round "4.3"]
[White "Ghobrial, Ameer"]
[Black "Rayon, Shawn"]
[Result "1-0"]
[WhiteElo "2103"]
[BlackElo "1248"]
[PlyCount "79"]
[EventDate "2000.12.16"]

1. c4 Nf6 2. Nc3 e6 3. e4 e5 4. Nf3 Nc6 5. a3 d6 6. d4 Bg4 7. d5 Nd4 8. Qa4+
Qd7 9. Qxd7+ Kxd7 10. Nxd4 exd4 11. Nb5 Bh5 12. f3 g6 13. g4 Bxg4 14. fxg4 Nxe4
15. Bg2 Bg7 16. O-O Rhf8 17. Bxe4 a6 18. Nxc7 Kxc7 19. Bf4 Be5 20. Bxe5 dxe5
21. Rf6 Rad8 22. Raf1 Rd7 23. c5 Kd8 24. d6 a5 25. Kf2 Kc8 26. Ke2 Kb8 27. Kd3
Ka7 28. Kc4 Ka6 29. b4 axb4 30. axb4 b5+ 31. Kd5 Re8 32. c6 Rdd8 33. d7 Kb6 34.
Kd6 h5 35. c7 Ra8 36. dxe8=Q Rxe8 37. Kd7+ Re6 38. Rxe6+ fxe6 39. c8=Q hxg4 40.
Qb7# 1-0

[Event "Michigan Action"]
[Site "Detroit, MI"]
[Date "2000.12.16"]
[Round "2.3"]
[White "Ghobrial, Ameer"]
[Black "Holden, Anthony"]
[Result "1-0"]
[WhiteElo "2103"]
[BlackElo "1459"]
[PlyCount "59"]
[EventDate "2000.12.16"]

1. c4 e5 2. Nc3 Nf6 3. Nf3 Nc6 4. a3 d5 5. d4 e4 6. cxd5 exf3 7. dxc6 fxg2 8.
Bxg2 b6 9. e4 Be7 10. h3 Ba6 11. Bf4 b5 12. e5 Ng8 13. d5 Bc5 14. d6 Qh4 15.
Bg3 Qd4 16. Nd5 O-O-O 17. Nxc7 Qxb2 18. Nxa6 Qc3+ 19. Kf1 Nf6 20. Rc1 Qd4 21.
Nxc5 Qxd1+ 22. Rxd1 Nh5 23. Bh2 g5 24. Na6 Rdf8 25. d7+ Kd8 26. c7+ Ke7 27. Nb4
Rhg8 28. Nc6+ Ke6 29. Be4 Nf4 30. Rd6# 1-0

[Event "Michigan Action"]
[Site "Detroit, MI"]
[Date "2000.12.16"]
[Round "1.16"]
[White "Foord, Allan"]
[Black "McKinzie, Maurice"]
[Result "1-0"]
[WhiteElo "1500"]
[BlackElo "849"]
[PlyCount "69"]
[EventDate "2000.12.16"]

1. e4 e5 2. Nf3 Nc6 3. Bb5 d6 4. d4 Bg4 5. dxe5 dxe5 6. Qxd8+ Rxd8 7. Nc3 Bb4
8. Bd2 Nge7 9. Nxe5 O-O 10. Nxg4 Nd4 11. Bd3 Nec6 12. f4 Na5 13. O-O a6 14.
Rad1 b5 15. Nd5 Bxd2 16. Rxd2 Nc4 17. Bxc4 bxc4 18. Rxd4 c6 19. Ne7+ Kh8 20.
Rxd8 Rxd8 21. h4 Rd2 22. Rf2 Rd1+ 23. Kh2 Rb1 24. Rd2 h6 25. c3 Ra1 26. a3 c5
27. Ne5 Rf1 28. Kg3 Re1 29. Nxf7+ Kh7 30. e5 Rf1 31. h5 g5 32. hxg6+ Kg7 33. f5
Rh1 34. Rd8 h5 35. Rg8# 1-0

[Event "Michigan Action"]
[Site "Detroit, MI"]
[Date "2000.12.16"]
[Round "3.9"]
[White "Foord, Allan"]
[Black "Finegold, Spencer"]
[Result "0-1"]
[WhiteElo "1500"]
[BlackElo "1015"]
[PlyCount "60"]
[EventDate "2000.12.16"]

1. e4 e5 2. Nf3 Nf6 3. Nxe5 d6 4. Nc4 Nxe4 5. d4 Be7 6. Bd3 Nf6 7. O-O O-O 8.
Re1 Nc6 9. Be3 d5 10. Ne5 Bd7 11. Nc3 Bd6 12. Nxd7 Qxd7 13. Qf3 Nb4 14. Bf5 Qd8
15. a3 Nc6 16. Nxd5 Nxd5 17. Qh3 Nf6 18. Bg5 h6 19. Bxf6 Qxf6 20. c3 Rfe8 21.
Re3 Rxe3 22. fxe3 Ne7 23. Bd3 Nd5 24. Bc4 Nb6 25. Bb3 c5 26. Rf1 Qd8 27. Rxf7
c4 28. Bxc4 Nxc4 29. Rxb7 Nb6 30. Qg3 Bxg3 0-1

[Event "Michigan Action"]
[Site "Detroit, MI"]
[Date "2000.12.16"]
[Round "2.19"]
[White "Finegold, Spencer"]
[Black "Rodriguez, Rigoberto"]
[Result "1-0"]
[WhiteElo "1015"]
[BlackElo "769"]
[PlyCount "37"]
[EventDate "2000.12.16"]

1. e4 e5 2. Nf3 d6 3. Nc3 Ne7 4. Bc4 Bg4 5. h3 Bh5 6. O-O f5 7. d3 Nbc6 8. Bg5
Nd4 9. exf5 Nxf3+ 10. gxf3 Qd7 11. Be6 Qc6 12. Ne4 g6 13. fxg6 Nxg6 14. Bc4 d5
15. Nf6+ Kd8 16. Nxh5+ Kd7 17. Bb3 e4 18. Nf6+ Kc8 19. Bxd5 {End of scoresheet}
1-0

[Event "Michigan Action"]
[Site "Detroit, MI"]
[Date "2000.12.16"]
[Round "4.9"]
[White "Finegold, Spencer"]
[Black "Holden, Anthony"]
[Result "1-0"]
[WhiteElo "1015"]
[BlackElo "1459"]
[Annotator "Jeff Aldrich"]
[PlyCount "97"]
[EventDate "2000.12.16"]

{English: Agincourt} 1. c4 e6 2. Nc3 Nc6 3. Nf3 Nf6 4. d3 Bb4 5. Bg5 h6 6. Bh4
g5 7. Bg3 d5 8. cxd5 Nxd5 9. Qc2 Qf6 10. Rc1 h5 11. h3 e5 12. e4 Nd4 13. Qa4+ (
{White could win a pawn with} 13. Nxd4 exd4 14. exd5 dxc3 15. bxc3 {but he
migh t have been worried about opening the e-file with his king still sitting
there.}) 13... Bd7 14. Qd1 Nxf3+ 15. Qxf3 Qxf3 16. gxf3 Nxc3 17. bxc3 Bd6 18.
d4 f6 19. dxe5 fxe5 20. Bd3 Rf8 (20... h4 {buries the bishop,}) 21. Be2 Be6 22.
O-O O-O-O 23. c4 g4 $2 {The h-pawn was there for the taking once white castled.
Instead, black gives up a pawn to try to open up the king-side, but all it
suceeds in doing is solidifying white's king-side.} 24. fxg4 hxg4 25. Bxg4 Bxg4
26. hxg4 Rd7 27. Kg2 Rg7 28. f3 Kd7 29. Rcd1 Kc6 30. Rd5 a6 31. Bxe5 Rg5 $2 {
Maybe he thought the bishop was pinned to the rook? Either way, white finds
the combination to win the bishop and calmly brings home the point.} 32. Bxd6
Rxd5 33. Bxf8 Rd8 34. Be7 Rd7 35. Bb4 Rd4 36. Ba3 Kd7 37. c5 Rd3 38. Bb4 Kc6
39. a3 a5 40. Bxa5 Rxa3 41. Bb4 Rb3 42. Ba5 Rb5 43. Be1 Rxc5 44. Bf2 Rc2 45.
Rd1 b6 46. g5 Ra2 47. g6 b5 48. Rd8 b4 49. g7 1-0

[Event "Michigan Action"]
[Site "Detroit, MI"]
[Date "2000.12.16"]
[Round "6.1"]
[White "Finegold, Ben"]
[Black "Ghobrial, Ameer"]
[Result "1-0"]
[WhiteElo "2588"]
[BlackElo "2103"]
[Annotator "Jeff Aldrich"]
[PlyCount "89"]
[EventDate "2000.12.16"]

{Semi-Slav: Anti-Meran} 1. d4 d5 2. c4 c6 3. Nf3 Nf6 4. Nc3 e6 5. Bg5 Bb4 6.
cxd5 {Until this the game is the same as my game with Ghobrial. Ben has a
different idea . With the pawn exchange, the queen won't x-ray through to the
Bg5.} exd5 7. Qc2 h6 8. Bxf6 Qxf6 9. a3 Ba5 $2 {I don't see why he wouldn't
exchange here. Now, white wins a pawn by force.} 10. b4 Bf5 11. Qa4 Bd8 12.
Nxd5 Qd6 13. Nc3 Bf6 14. e3 O-O 15. Be2 b5 16. Qb3 a5 17. bxa5 Rxa5 18. O-O Be7
19. e4 Bg4 20. e5 Qe6 21. Qb2 Qd7 22. a4 $2 {Allows black to win back the pawn
and then some.} Bxf3 23. Bxf3 Qxd4 24. axb5 Rxb5 25. Qc2 Rc5 26. Ra3 Rc4 27.
Rb3 Qxe5 28. Qb2 Bd6 29. g3 Na6 $2 {Missing the skewer.} ({Although, I don't
see why he would choose this move over} 29... Nd7 {where his knight would have
more options.}) 30. Be2 Rxc3 31. Rxc3 Rb8 32. Qc2 Nb4 33. Qd2 Be7 34. Bc4 Rd8
35. Qc1 Bf6 36. Re3 Qd4 37. Ree1 Bg5 38. Re3 $6 {DIAGRAM Setting up a trap
that black falls for, probably due to time pressure.} Bxe3 $2 (38... Rf8 $1 {
stops the trap and gets the exchange back.}) 39. Bxf7+ Kxf7 40. fxe3+ Qf6 41.
Rxf6+ gxf6 42. Qc4+ Nd5 43. Qxc6 Ne7 44. Qc2 Kg7 45. Kg2 {White won on Time}
1-0

[Event "Michigan Action"]
[Site "Detroit, MI"]
[Date "2000.12.16"]
[Round "2.1"]
[White "Finegold, Ben"]
[Black "Foord, Allan"]
[Result "1-0"]
[WhiteElo "2588"]
[BlackElo "1500"]
[PlyCount "77"]
[EventDate "2000.12.16"]

1. d4 Nf6 2. c4 g6 3. Nc3 d5 4. Bg5 Bg7 5. Bxf6 Bxf6 6. Nxd5 Bg7 7. Nf3 c5 8.
e3 Nc6 9. Qa4 cxd4 10. Nxd4 Bd7 11. Nxc6 Bxc6 12. Qb4 a5 13. Qd2 O-O 14. O-O-O
e6 15. Nc3 Qc7 16. f3 a4 17. a3 Ra5 18. Bd3 Rc5 19. Kb1 Rd8 20. Qc2 Qb6 21. Rd2
Bh6 22. f4 e5 23. Rf1 exf4 24. exf4 Qb3 25. g3 b5 26. Qxb3 axb3 27. cxb5 Bxb5
28. Rfd1 Bxd3+ 29. Rxd3 Rxd3 30. Rxd3 g5 31. Ne4 Rc2 32. Rxb3 Rxh2 33. Rb8+ Kg7
34. fxg5 Kg6 35. gxh6 Kxh6 36. a4 Re2 37. Rb6+ Kh5 38. Nf6+ Kg6 39. a5 1-0

[Event "Michigan Action"]
[Site "Detroit, MI"]
[Date "2000.12.16"]
[Round "4.1"]
[White "Finegold, Ben"]
[Black "Aldrich, Jeff"]
[Result "1-0"]
[WhiteElo "2588"]
[BlackElo "1900"]
[PlyCount "93"]
[EventDate "2000.12.16"]

1. d4 d5 2. c4 c6 3. Nf3 Nf6 4. Nc3 e6 5. Bg5 Be7 6. e3 O-O 7. Qc2 Nbd7 8. Rd1
b6 9. Bd3 Bb7 10. cxd5 cxd5 11. Ne5 h6 12. Bxf6 Nxf6 13. f4 Rc8 14. O-O a6 15.
f5 Ne4 16. fxe6 fxe6 17. Bxe4 dxe4 18. Rxf8+ Bxf8 19. Qf2 Qf6 20. Qxf6 gxf6 21.
Nd7 Kf7 22. Rf1 Be7 23. Nxb6 Rg8 24. Nd7 f5 25. Ne5+ Ke8 26. Ne2 Bd6 27. Nf4
Bxe5 28. dxe5 Ke7 29. Rc1 Rc8 30. Rxc8 Bxc8 31. Kf2 a5 32. Ke1 Kd7 33. Kd2 Kc6
34. Kc3 Kb5 35. b3 Bd7 36. Ng6 Bc6 37. Ne7 Bb7 38. h4 f4 39. exf4 e3 40. g4 e2
41. Kd2 Bf3 42. g5 hxg5 43. hxg5 Bh5 44. g6 Kb4 45. g7 Bf7 46. Nc6+ Kc5 47.
Nxa5 1-0